000 00215 a2200097 4500
001 10861
100 _aFisch, M.
245 _aClassic American Pailosophers
260 _a
_bAppleton Century
_c
090 _c8438
_d8438
942 _aNUST-CAE
_cM
_c35198
999 _c245934
_d245934